| 000 | 00809nam0a22002651 4500 | ||
|---|---|---|---|
| 001 | rc\4984441 | ||
| 005 | 20260406073847.0 | ||
| 021 |
_aRU _b[58-45383] |
||
| 035 | _a(NLR Aleph) 008983918 | ||
| 090 |
_a9203489 _c9203489 |
||
| 100 | _a20130430d1958 |||y0rusy50 ca | ||
| 101 | 0 | _arus | |
| 102 | _aRU | ||
| 105 | _ay z |||a| | ||
| 200 | 1 |
_aВремя таяния снегов _e[Повесть |
|
| 210 |
_aМосква _cГослитиздат _d1958] |
||
| 215 |
_a76 с. _d26 |
||
| 225 | 1 |
_aРоман-газета _v№ 13 (169) |
|
| 606 |
_aЧукчи (х. л.) _2psbo |
||
| 700 | 1 |
_8rus _7ca _aРытхэу _bЮ. С. _gЮрий Сергеевич _f1930-2008 _3RU\NLR\auth\7732366 _915374 |
|
| 801 | 0 |
_aRU _bNLR _gpsbo |
|
| 801 | 1 |
_aRU _bELAR _2rusmarc |
|
| 852 |
_aNLR _j58-7/1597 |
||
| 942 | _cBOOK | ||
| 980 | _aNB | ||